书目信息 |
| 题名: |
中国画白描技法与实践研究
|
|
| 作者: | 王彤玲 著 | |
| 分册: | ||
| 出版信息: | 北京 中国水利水电出版社 2019.1 |
|
| 页数: | 261页 | |
| 开本: | 24cm | |
| 丛书名: | ||
| 单 册: | ||
| 中图分类: | J212.1 | |
| 科图分类: | ||
| 主题词: | 白描--国画技法 | |
| 电子资源: | ||
| ISBN: | 978-7-5170-6514-2 | |
| 000 | 01062nam0 2200253 45 | |
| 001 | 490049 | |
| 005 | 20140817161936.0 | |
| 010 | @a978-7-5170-6514-2@dCNY81.00 | |
| 099 | @aCAL 012019035233 | |
| 100 | @a20190108d2019 em y0chiy0110 ea | |
| 101 | 0 | @achi |
| 102 | @aCN@b110000 | |
| 105 | @aa a 000yy | |
| 106 | @ar | |
| 200 | 1 | @a中国画白描技法与实践研究@Azhong guo hua bai miao ji fa yu shi jian yan jiu@f王彤玲著 |
| 210 | @a北京@c中国水利水电出版社@d2019.1 | |
| 215 | @a261页@c图 (部分彩图)@d24cm | |
| 320 | @a有书目 (第260-261页) | |
| 330 | @a白描是以线为表现手段的画法, 也有略施淡墨渲染的。本书首先探讨了中国画的释义、中西绘画的空间比较, 以及中国画视域下的白描艺术; 接着阐述白描艺术的历史渊源及艺术特色, 再分别从人物画、花鸟画的创作用线、结构分析等层面分析其技法内容; 最后探讨了白描人物画、白描花鸟画、白描虫鱼画的创作实践。全书力图做到内容新颖, 文字顺畅, 图文并茂, 简单易学。 | |
| 606 | 0 | @a白描@x国画技法 |
| 690 | @aJ212.1@v5 | |
| 701 | 0 | @a王彤玲@Awang tong ling@4著 |
| 801 | @aCN@b江苏凤凰@c20211018 | |
| 905 | @b1355426-9@dJ212.1@e1544@f4 | |
| 中国画白描技法与实践研究/王彤玲著.-北京:中国水利水电出版社,2019.1 |
| 261页:图 (部分彩图);24cm |
| ISBN 978-7-5170-6514-2:CNY81.00 |
| 白描是以线为表现手段的画法, 也有略施淡墨渲染的。本书首先探讨了中国画的释义、中西绘画的空间比较, 以及中国画视域下的白描艺术; 接着阐述白描艺术的历史渊源及艺术特色, 再分别从人物画、花鸟画的创作用线、结构分析等层面分析其技法内容; 最后探讨了白描人物画、白描花鸟画、白描虫鱼画的创作实践。全书力图做到内容新颖, 文字顺畅, 图文并茂, 简单易学。 |
| ● |
| 相关链接 |
|
|
|
|
正题名:中国画白描技法与实践研究
索取号:J212.1/1544
 
预约/预借
| 序号 | 登录号 | 条形码 | 馆藏地/架位号 | 状态 | 备注 |
| 1 | 1355426 | 213554269 | 第一样本阅览室/ [索取号:J212.1/1544] | 在馆 | |
| 2 | 1355427 | 213554278 | 第一借阅区/ [索取号:J212.1/1544] | 在馆 | |
| 3 | 1355428 | 213554287 | 第一借阅区/ [索取号:J212.1/1544] | 在馆 | |
| 4 | 1355429 | 213554296 | 第一借阅区/ [索取号:J212.1/1544] | 在馆 |